Damascus International Airport Destinations (Damascus, Syria) - Statistics

General Stats
  • This quiz has been taken 145 times
    81 since last reset
  • The average score is 20 of 30
Answer Stats
Airline Destination % Correct
Royal Jordanian Amman (Queen Alia)
98%
Cham Wings Airlines/Fly Baghdad/Syrian Air/UR Airlines Baghdad
97%
Turkish Airlines Istanbul
95%
AJet Istanbul (Sabiha Gokcen)
95%
AJet Ankara
88%
Syrian Air Dubai (International)
88%
Syrian Air Riyadh
88%
Mahan Air/Meraj Air Tehran (Imam Khomeini)
88%
Syrian Air Cairo
86%
Cham Wings Airlines/Syrian Air Abu Dhabi
83%
Syrian Air Doha
83%
Syrian Air Jeddah
83%
Cham Wings Airlines/Syrian Air Aleppo
81%
Cham Wings Airlines Beirut
81%
Cham Wings Airlines/Syrian Air Kuwait City
81%
Cham Wings Airlines/Fly Baghdad/FlyErbil Erbil
77%
Cham Wings Airlines Moscow (Sheremetyevo)
77%
Syrian Air Moscow (Vnukovo)
77%
Cham Wings Airlines Muscat
77%
Syrian Air Medina
64%
Syrian Air Dammam
53%
Cham Wings Airlines Yerevan
53%
Syrian Air Latakia
42%
Syrian Air Algiers
39%
Fly Baghdad/Syrian Air/UR Airlines Najaf
39%
Cham Wings Airlines/Syrian Air Sharjah
39%
Cham Wings Airlines Karachi
28%
Cham Wings Airlines Benghazi
20%
Cham Wings Airlines/Syrian Air Qamishli
11%
Syrian Air Misrata
6%
No matching quizzes found
Score Distribution
Percent of People with Each Score
Percentile by Number Answered
Your Score History
You have not taken this quiz since the last reset